MARC

LEADER 00000nam0a2200000 4500
001 253885
005 20231101232903.0
020 |a RU  |b 89-48086 
035 |a (RuTPU)RU\TPU\book\276304 
090 |a 253885 
100 |a 20140317d1988 m a0rusy5003 ca 
101 0 |a rus 
102 |a RU 
105 |a a j 001zy 
200 1 |a Технологическая подготовка управляющих программ станочных модулей и комплексов с числовым управлением от ЭВМ  |e учебное пособие  |f А. Г. Неизвестных [и др.]  |g Волгоградский политехнический институт 
210 |a Волгоград  |c Изд-во ВолгПИ  |d 1988 
215 |a 61 с.  |c ил. 
320 |a Библиогр.: с. 62 (5 назв.) 
606 1 |a Металлорежущие станки с программным управлением  |x Эксплуатация  |2 stltpush  |3 (RuTPU)RU\TPU\subj\42697 
610 1 |a учебные пособия 
610 1 |a микро-ЭВМ 
610 1 |a программирование 
610 1 |a управляющие программы 
610 1 |a технологическая подготовка 
610 1 |a станочные модули 
610 1 |a числовое управление 
675 |a 621.9.06-529(075.8)  |z rus  |v 3 
701 1 |a Неизвестных  |b А. Г. 
701 1 |a Диперштейн  |b М. Б. 
701 1 |a Дудкин  |b Е. В. 
701 1 |a Плотников  |b А. Л. 
701 1 |a Кузнецов  |b С. С. 
712 0 2 |a Волгоградский политехнический институт  |2 stltpush  |3 (RuTPU)RU\TPU\col\4581  |9 23999 
801 0 |a RU  |b RuMRKP  |c 19950417  |g psbo 
801 1 |a RU  |b 63413507  |c 20140317 
801 2 |a RU  |b 63413507  |c 20140429  |g RCR 
942 |c BK